[Event "Open Est 2015-2016"]
[Site "Aubagne"]
[Date "2015.12.12"]
[Round "5.5"]
[White "Reynaud, Jacques"]
[Black "Sage, Jean-Claude"]
[Result "1-0"]
[WhiteElo "1344"]
[BlackElo "1582"]
[PlyCount "89"]
[EventDate "2015.10.10"]
[WhiteTeam "Cercle d'Echecs Aubagnais"]
[BlackTeam "Echiquier Marseillais 1872"]

1. Nf3 Nf6 2. e3 g6 3. d4 d6 4. c4 Bg7 5. Nc3 O-O 6. Bd3 Re8 7. e4 a6 8. a4
Nbd7 9. O-O c5 10. d5 Nb6 11. Re1 Bg4 12. h3 Bxf3 13. Qxf3 Nfd7 14. Bf4 Ne5 15.
Bxe5 Bxe5 16. Qg4 Nd7 17. f4 Bd4+ 18. Kh1 Kg7 19. Ne2 Bf6 20. Rab1 Kg8 21. Ng3
Bg7 22. Re2 Rb8 23. b3 b5 24. cxb5 axb5 25. Bxb5 Nf6 26. Qf3 Rf8 27. Bc4 Rb4
28. h4 Qb8 29. Rbe1 Nd7 30. h5 Nb6 31. Bb5 Qc7 32. f5 c4 33. Rc1 Rxb3 34. Qxb3
cxb3 35. Rxc7 b2 36. Bd3 Nxa4 37. hxg6 hxg6 38. Re1 Be5 39. Ne2 Kg7 40. Rxe7
Rh8+ 41. Kg1 Nc5 42. Bb1 Bf6 43. Rc7 Ra8 44. fxg6 Kxg6 45. e5+ 1-0

[Event "Open Est 2015-2016"]
[Site "Aubagne"]
[Date "2015.12.12"]
[Round "5.6"]
[White "Roth, Fabio"]
[Black "Cavanihac, Claude"]
[Result "0-1"]
[WhiteElo "1260"]
[BlackElo "1532"]
[PlyCount "70"]
[EventDate "2015.10.10"]
[WhiteTeam "Club Provence Echecs"]
[BlackTeam "Cercle d'Echecs Aubagnais"]

1. e4 e5 2. Nf3 Nc6 3. Bc4 Be7 4. c3 Nf6 5. O-O d6 6. d3 O-O 7. Nbd2 Na5 8. Bb5
a6 9. Ba4 b5 10. Bc2 c5 11. a3 Bb7 12. Re1 Qc7 13. c4 Rfc8 14. b3 Nc6 15. Bb2
Nd4 16. Bxd4 cxd4 17. Rb1 Nd7 18. Qc1 bxc4 19. bxc4 Nc5 20. a4 Bc6 21. Qa3 Ne6
22. Qa2 Rcb8 23. Kh1 g6 24. Ng1 Rf8 25. g4 Bh4 26. Rf1 Bg5 27. Ndf3 Bf4 28. Nh3
Kg7 29. Nxf4 Nxf4 30. Qa3 Qd7 31. c5 Qxg4 32. Nh4 Qxh4 33. Bd1 Qh3 34. Rg1
Bxe4+ 35. dxe4 Qxa3 0-1

[Event "Open Est 2015-2016"]
[Site "Aubagne"]
[Date "2015.12.12"]
[Round "5.7"]
[White "Auroux, William"]
[Black "Konate, Salma"]
[Result "1-0"]
[WhiteElo "1099"]
[BlackElo "1497"]
[PlyCount "145"]
[EventDate "2015.10.10"]
[WhiteTeam "Club Provence Echecs"]
[BlackTeam "Marseille Passion Echecs"]

1. f4 d5 2. Nf3 Nc6 3. e3 Nf6 4. b3 Bf5 5. Bb5 Bd7 6. Bxc6 Bxc6 7. Bb2 e6 8.
O-O Be7 9. Ne5 Bb5 10. d3 Bc5 11. Qe2 Rg8 12. Rf3 g6 13. Nd2 Nd7 14. Nxd7 Qxd7
15. Kh1 O-O-O 16. a3 Bc6 17. Rh3 h5 18. Nf3 Bd6 19. b4 Qe7 20. Rd1 f6 21. Nd4
Bd7 22. c4 e5 23. fxe5 fxe5 24. c5 Bg4 25. cxd6 Rxd6 26. Nf3 e4 27. Rg3 exf3
28. gxf3 Bd7 29. Bd4 a6 30. Bc5 Bc6 31. Bxd6 Qxd6 32. f4 Re8 33. Qf2 d4+ 34. e4
Rf8 35. Rf3 Qf6 36. Rf1 Bd7 37. Rc1 Bg4 38. Rg3 Qxf4 39. Qxf4 Rxf4 40. Kg1 Be2
41. h3 h4 42. Rxg6 Bxd3 43. Rd1 Rf3 44. Rg7 Rxh3 45. e5 Bb5 46. Rxd4 b6 47. e6
Rxa3 48. Rxh4 Ra1+ 49. Kh2 Bc6 50. Rh8+ Kb7 51. Rhh7 Bd5 52. e7 Bc6 53. e8=Q
Bxe8 54. Rxc7+ Kb8 55. Rce7 Ra2+ 56. Kg3 Ra3+ 57. Kf4 Rc3 58. Rxe8+ Rc8 59.
Rxc8+ Kxc8 60. Ke4 a5 61. bxa5 bxa5 62. Kd4 a4 63. Kc3 a3 64. Kb3 a2 65. Kxa2
Kd8 66. Kb3 Ke8 67. Kc4 Kf8 68. Kd5 Kg8 69. Ra7 Kf8 70. Ke6 Kg8 71. Kf6 Kh8 72.
Kg6 Kg8 73. Ra8# 1-0

[Event "Open Est 2015-2016"]
[Site "Aubagne"]
[Date "2015.12.12"]
[Round "5.8"]
[White "Bohli, Adam"]
[Black "Gutman, Leni"]
[Result "1-0"]
[WhiteElo "1468"]
[BlackElo "1325"]
[PlyCount "61"]
[EventDate "2015.10.10"]
[WhiteTeam "Marseille Echecs"]
[BlackTeam "Marseille Echecs"]

1. e4 e5 2. Nf3 Nc6 3. Bb5 a6 4. Bxc6 dxc6 5. O-O Bd6 6. d4 exd4 7. Qxd4 f6 8.
Be3 Bg4 9. Nbd2 Ne7 10. e5 Bxf3 11. exd6 Nf5 12. Qf4 Nxe3 13. Qxe3+ Kf7 14.
Nxf3 Qxd6 15. Rad1 Qe6 16. Qxe6+ Kxe6 17. Rfe1+ Kf7 18. Rd7+ Kg6 19. Ree7 Rhg8
20. Rxc7 Rad8 21. Kf1 Rd1+ 22. Ke2 Ra1 23. a3 b5 24. Rxc6 Ra2 25. Ne5+ Kf5 26.
Nd3 Ra8 27. Rxg7 a5 28. f3 Re8+ 29. Kf2 Re2+ 30. Kxe2 Ra1 31. g4# 1-0

[Event "Open Est 2015-2016"]
[Site "Aubagne"]
[Date "2015.12.12"]
[Round "5.9"]
[White "Cotton, Paul"]
[Black "Periale, Albert"]
[Result "1-0"]
[WhiteElo "1455"]
[BlackElo "1249"]
[PlyCount "95"]
[EventDate "2015.10.10"]
[WhiteTeam "Cercle d'Echecs Aubagnais"]
[BlackTeam "Cercle d'Echecs Aubagnais"]

1. Nf3 g6 2. g3 Bg7 3. d3 c6 4. Nbd2 e6 5. Rb1 Ne7 6. c4 d5 7. b3 d4 8. Bg2 O-O
9. O-O Nd7 10. Bb2 e5 11. Re1 f5 12. Ng5 Nc5 13. b4 Ne6 14. Ndf3 Nxg5 15. Nxg5
h6 16. Nf3 Bd7 17. e3 dxe3 18. Rxe3 f4 19. Re2 fxg3 20. hxg3 Bg4 21. Re3 Qc7
22. Qe2 Rf5 23. Bxe5 Bxe5 24. Rxe5 Bxf3 25. Rxe7 Bxe2 26. Rxc7 Rd8 27. Be4 Rf7
28. Rxf7 Kxf7 29. Rb2 Bg4 30. Kg2 Be6 31. Re2 Re8 32. f4 Bf5 33. Kf3 Kf6 34. g4
Bxe4+ 35. dxe4 g5 36. e5+ Kf7 37. f5 b6 38. e6+ Kf6 39. Rd2 Re7 40. Ke4 a6 41.
Rd6 h5 42. gxh5 g4 43. Kf4 g3 44. Kxg3 Kxf5 45. Rxc6 Rxe6 46. Rxe6 Kxe6 47. Kg4
Kf6 48. c5 1-0

[Event "Open Est 2015-2016"]
[Site "Aubagne"]
[Date "2015.12.12"]
[Round "5.10"]
[White "Ghazarian, David"]
[Black "Benezra, Silke"]
[Result "1-0"]
[WhiteElo "1408"]
[BlackElo "1353"]
[PlyCount "131"]
[EventDate "2015.10.10"]
[WhiteTeam "Marseille Echecs"]
[BlackTeam "L'Echiquier du Roy René"]

1. e4 e5 2. Nf3 d6 3. Bb5+ Bd7 4. Bxd7+ Nxd7 5. O-O Ngf6 6. Re1 d5 7. Nxe5 dxe4
8. Nxd7 Qxd7 9. Nc3 Qf5 10. d3 O-O-O 11. Qe2 exd3 12. cxd3 Qxd3 13. Qxd3 Rxd3
14. Bg5 Bb4 15. Re3 Rxe3 16. Bxe3 a6 17. a3 Bd6 18. Rd1 Re8 19. g3 Ng4 20. Bd4
Be5 21. Re1 Re6 22. Re4 Bxd4 23. Rxd4 Nf6 24. Kg2 c6 25. b4 Kc7 26. a4 Rd6 27.
Rc4 Nd5 28. Ne4 Re6 29. Ng5 Re7 30. Nxh7 f6 31. Nf8 Nb6 32. Rd4 Nxa4 33. Ng6
Rd7 34. Rg4 Nc3 35. Nf4 Nd5 36. Ne6+ Kc8 37. Nxg7 b6 38. Ne6 Nc3 39. Rc4 Rd6
40. Nd4 Kd7 41. Nf5 Rd5 42. Ne3 Rd3 43. Nf5 Rd2 44. Rxc3 Rb2 45. Rc4 a5 46.
bxa5 bxa5 47. Ra4 Rb5 48. Nd4 Kc7 49. Nxb5+ cxb5 50. Rxa5 Kb6 51. Rxb5+ Kxb5
52. Kf3 Kc6 53. Kf4 Kd6 54. Kf5 Ke7 55. h4 Kf7 56. g4 Kg7 57. f4 Kf7 58. h5 Kg7
59. g5 fxg5 60. fxg5 Kh7 61. Kf6 Kg8 62. h6 Kh7 63. g6+ Kg8 64. h7+ Kh8 65. g7+
Kxh7 66. Kf7 1-0

[Event "Open Est 2015-2016"]
[Site "Aubagne"]
[Date "2015.12.12"]
[Round "5.11"]
[White "Bui, Christopher"]
[Black "Vicari-Vento, Salvatore"]
[Result "1/2-1/2"]
[WhiteElo "1290"]
[BlackElo "1508"]
[PlyCount "139"]
[EventDate "2015.10.10"]
[WhiteTeam "Cercle d'Echecs Aubagnais"]
[BlackTeam "Cercle d'Echecs Aubagnais"]

1. e4 d6 2. d4 g6 3. c4 Bg7 4. g3 Nf6 5. Nc3 O-O 6. Bg2 Nbd7 7. Bf4 e5 8. dxe5
dxe5 9. Be3 a6 10. Nf3 Rb8 11. O-O b6 12. Qe2 Bb7 13. Nd5 Nxe4 14. Bxb6 Bxd5
15. cxd5 Nxb6 16. Qxe4 Qxd5 17. Qxd5 Nxd5 18. Nxe5 Bxe5 19. Bxd5 Rxb2 20. Rfe1
Bd6 21. Bc4 a5 22. Bb3 Bc5 23. Re5 Bxf2+ 24. Kh1 Bb6 25. Rd1 Kg7 26. Rf1 Rf2
27. Rxf2 Bxf2 28. Rxa5 Bb6 29. Ra4 f5 30. a3 Rd8 31. Rc4 Rd4 32. Rxd4 Bxd4 33.
Kg2 Kf6 34. Kf3 Ke5 35. a4 g5 36. h3 Bb6 37. g4 f4 38. Bc2 h6 39. Kg2 c5 40.
Kf1 Kd4 41. Ke2 Kc3 42. Bd1 c4 43. Kf3 Kd4 44. Ke2 Kc3 45. Ke1 Be3 46. Ke2 Kb4
47. Bc2 c3 48. Kd3 Bc5 49. a5 f3 50. Bd1 Kxa5 51. Kxc3 f2 52. Be2 Kb6 53. Kd3
Kc6 54. Ke4 Kd6 55. Kf5 Be3 56. Kg6 Ke5 57. Kxh6 Kf4 58. Bf1 Kg3 59. Kh5 Bf4
60. Kg6 Kh2 61. Kf5 Bc1 62. Ke4 Kg1 63. Be2 f1=Q 64. Bxf1 Kxf1 65. Kf3 Bd2 66.
Kg3 Kg1 67. h4 Be1+ 68. Kh3 gxh4 69. g5 Kf1 70. g6 1/2-1/2

[Event "Open Est 2015-2016"]
[Site "Microsoft"]
[Date "2015.12.13"]
[Round "5.12"]
[White "Moerenhout"]
[Black "De Albertta"]
[Result "1-0"]
[WhiteElo "1300"]
[BlackElo "1420"]
[PlyCount "86"]
[EventDate "2015.??.??"]

1. d4 c6 2. c4 Nf6 3. Nc3 e6 4. Bg5 Be7 5. Nf3 d5 6. e3 Nbd7 7. Bd3 O-O 8. O-O
dxc4 9. Bxc4 Nb6 10. Bd3 Nbd7 11. Qc2 h6 12. Bh4 c5 13. Rad1 Qb6 14. b3 cxd4
15. Nxd4 Ne5 16. Be4 Bd7 17. Nce2 Rac8 18. Qb1 Rc7 19. Ng3 Bc6 20. Nxc6 Nxc6
21. Bxf6 Bxf6 22. Nh5 Be7 23. Bf3 Rfc8 24. Qe4 Qa5 25. h4 Qe5 26. Qg4 Bf6 27.
Rfe1 Ne7 28. Be4 Nf5 29. f4 Qxe4 30. Nxf6+ Kh8 31. Nxe4 Rc2 32. a4 Rb2 33. Rd3
Rcc2 34. Rd2 Rxd2 35. Nxd2 Rxd2 36. Kh2 Rd3 37. Qh5 Kg8 38. g4 Nd6 39. g5 Nf5
40. g6 f6 41. Rd1 Rd6 42. Rxd6 Nxd6 43. Qc5 Ne8 1-0

[Event "Open Est 2015-2016"]
[Site "Aubagne"]
[Date "2015.12.12"]
[Round "5.13"]
[White "San-Nicolas, Robert"]
[Black "Hunault, Francis"]
[Result "0-1"]
[WhiteElo "1412"]
[BlackElo "1378"]
[PlyCount "96"]
[EventDate "2015.10.10"]
[WhiteTeam "Cercle d'Echecs Aubagnais"]
[BlackTeam "Cercle d'Echecs Aubagnais"]

1. d4 Nf6 2. c4 d5 3. cxd5 Qxd5 4. Nc3 Qd8 5. e4 e6 6. Nf3 Be7 7. Bd3 h6 8. Bf4
a6 9. Rc1 Nh5 10. Be3 Nf6 11. O-O O-O 12. Qc2 c6 13. Qd2 Nbd7 14. h3 Nh7 15.
Bxh6 gxh6 16. e5 Bg5 17. Nxg5 Qxg5 18. f4 Qh4 19. Rf3 f5 20. Qe3 Rf7 21. Ne2
Nb6 22. Rg3+ Rg7 23. Rxg7+ Kxg7 24. Ng3 Bd7 25. Qf3 Rg8 26. Kh2 Nd5 27. Ne2 Be8
28. g3 Qh5 29. Qf2 Nf8 30. Rg1 Kh8 31. Bc4 Rg7 32. Nc3 b5 33. Be2 Qf7 34. g4 a5
35. Nxd5 cxd5 36. Rc1 Qb7 37. Qh4 Kh7 38. Qd8 Qe7 39. Qxa5 fxg4 40. Bxg4 Qh4
41. Rg1 Qf2+ 42. Rg2 Qxf4+ 43. Rg3 h5 44. Qd8 hxg4 45. Qxe8 Qf2+ 46. Rg2 g3+
47. Kh1 Qf1+ 48. Rg1 Qxh3# 0-1

[Event "Open Est 2015-2016"]
[Site "Aubagne"]
[Date "2015.09.26"]
[Round "5.15"]
[White "Strate, Francois"]
[Black "Foresti, Stephane"]
[Result "0-1"]
[WhiteElo "1342"]
[BlackElo "1264"]
[PlyCount "92"]
[EventDate "2015.10.10"]
[WhiteTeam "Sanary Echecs"]
[BlackTeam "Sanary Echecs"]

1. d4 Nf6 2. c4 e6 3. Nf3 b6 4. Bg5 Ba6 5. e3 Be7 6. Nc3 d5 7. Bxf6 Bxf6 8. b3
O-O 9. Bd3 Nc6 10. a3 dxc4 11. bxc4 e5 12. Nd5 exd4 13. Nxf6+ Qxf6 14. exd4
Rfe8+ 15. Kf1 Rad8 16. d5 Ne5 17. Nxe5 Qxe5 18. g3 Qd6 19. Kg2 c6 20. Qh5 g6
21. Qf3 cxd5 22. cxd5 Bb7 23. Bc4 Bxd5 24. Bxd5 Qxd5 25. Qxd5 Rxd5 26. Rhe1 Kf8
27. Rac1 Rxe1 28. Rxe1 Rd3 29. a4 Ra3 30. Re4 Rc3 31. Kf1 f5 32. Rd4 Ke7 33.
Ke2 Ke6 34. h4 h5 35. Kd2 Rc5 36. Ke3 Re5+ 37. Kd3 Rd5 38. Rxd5 Kxd5 39. Ke3
Ke5 40. Kd3 a6 41. Ke3 b5 42. a5 b4 43. Kd3 Kd5 44. Kc2 Kc4 45. Kb2 Kb5 46. Kb3
Kxa5 0-1

[Event "Open Est 2015-2016"]
[Site "Aubagne"]
[Date "2015.12.12"]
[Round "5.18"]
[White "Rieu, Jean"]
[Black "Autouard, Jean-Luc"]
[Result "0-1"]
[WhiteElo "1310"]
[BlackElo "1412"]
[PlyCount "81"]
[EventDate "2015.10.10"]
[WhiteTeam "U.S.C.M."]
[BlackTeam "Cercle d'Echecs Aubagnais"]

1. Nf3 c5 2. e4 e6 3. Nc3 a6 4. d3 Nc6 5. Be2 Be7 6. O-O d6 7. Re1 Bd7 8. b3
Nf6 9. Bb2 O-O 10. Bf1 Qc7 11. Na4 b5 12. Nc3 Qb6 13. Nb1 e5 14. Nc3 Be6 15.
Ng5 Bg4 16. Nf3 Qd8 17. Be2 Nh5 18. Nd2 Bxe2 19. Qxe2 Nf4 20. Qd1 Nd4 21. Nd5
Nxd5 22. exd5 f5 23. Bxd4 cxd4 24. Nf3 f4 25. h4 Rf5 26. g4 fxg3 27. fxg3 Qd7
28. g4 Rf4 29. Nh2 Bxh4 30. Re2 Raf8 31. Qd2 Qf7 32. Rf1 Rxf1+ 33. Nxf1 Qxf1+
34. Kh2 Rf3 35. Rg2 Re3 36. g5 Bxg5 37. Rxg5 Qf4+ 38. Kh1 Qxg5 39. Qg2 Rg3 40.
Qf2 Rh3+ 41. Qh2 0-1

[Event "Open Est 2015-2016"]
[Site "Aubagne"]
[Date "2015.12.12"]
[Round "5.19"]
[White "Turpin, Isabelle"]
[Black "Besucco, Guy"]
[Result "1-0"]
[WhiteElo "1263"]
[BlackElo "1390"]
[PlyCount "91"]
[EventDate "2015.10.10"]
[WhiteTeam "Cercle d'Echecs Aubagnais"]
[BlackTeam "La Ciotat Echecs (LCE)"]

1. c4 Nf6 2. Nc3 g6 3. g3 Bg7 4. Bg2 O-O 5. e3 d6 6. d4 Nc6 7. a3 a6 8. b4 e5
9. d5 Ne7 10. Qc2 Rb8 11. Rb1 Bd7 12. Nge2 b5 13. Qd3 Qc8 14. f4 bxc4 15. Qxc4
Bb5 16. Qb3 Bd3 17. Rb2 e4 18. O-O c5 19. Re1 c4 20. Qa2 Nfxd5 21. Bd2 f5 22.
Bf1 Kh8 23. Rc1 a5 24. Nd4 axb4 25. Bxd3 exd3 26. Nxd5 Nxd5 27. Rxc4 Qd7 28.
axb4 h6 29. h4 Rfe8 30. Kf2 Ra8 31. Qb1 Ra3 32. Rb3 Rea8 33. Qxd3 Ra1 34. Bc3
Rh1 35. Kg2 Qb7 36. Nc6 Nxc3 37. Kxh1 Ra1+ 38. Kg2 Rd1 39. Qc2 Ra1 40. Rbxc3
Qa8 41. Qd3 Qa4 42. Rc1 Ra3 43. Qxd6 Rxe3 44. Ne5 Qb3 45. Rc8+ Kh7 46. Qxg6#
1-0

[Event "Open Est 2015-2016"]
[Site "Aubagne"]
[Date "2015.12.12"]
[Round "5.14"]
[White "Roche, Alain"]
[Black "Pietrac, Christian"]
[Result "1-0"]
[WhiteElo "1280"]
[BlackElo "1399"]
[PlyCount "161"]
[EventDate "2015.10.10"]
[WhiteTeam "L'Echiquier du Roy René"]
[BlackTeam "L'Echiquier du Roy René"]

1. e4 e5 2. Nf3 d6 3. h3 Nf6 4. c3 Nxe4 5. Qa4+ Bd7 6. Qxe4 Bc6 7. Qc2 Bxf3 8.
gxf3 g6 9. d3 Qf6 10. Be2 Nd7 11. Be3 Bg7 12. Rg1 Qf5 13. Nd2 Qxh3 14. Qb3 b6
15. Ne4 h6 16. Qd5 O-O 17. Kd2 Nf6 18. Nxf6+ Bxf6 19. Rh1 Qe6 20. Qc6 h5 21.
Bd1 Rfc8 22. Bb3 Qe8 23. Qe4 c6 24. Qxg6+ Kf8 25. Qxh5 Ke7 26. Rag1 d5 27. Bg5
Qh8 28. Qg4 Qg7 29. Bxf6+ Qxf6 30. f4 Qxf4+ 31. Qxf4 exf4 32. c4 Rh8 33. cxd5
Rxh1 34. Rxh1 cxd5 35. Bxd5 Rd8 36. Be4 Ke6 37. f3 Rg8 38. Rh7 f5 39. Bb7 Rf8
40. Ba6 Kd6 41. Rxa7 Kc6 42. Bc4 b5 43. Bb3 Kb6 44. Rh7 Re8 45. Rh5 Re3 46. Bd5
Re5 47. Bb3 Kc5 48. Bd1 b4 49. Rh4 Re8 50. Rxf4 Rf8 51. Bc2 Rd8 52. Rxf5+ Rd5
53. Rf8 Rd4 54. Ke3 Rh4 55. f4 Rh2 56. Bb3 Rxb2 57. f5 Rb1 58. Kf4 Kd6 59. Rb8
Rf1+ 60. Kg5 Ke5 61. Rb5+ Kd4 62. Rxb4+ Kxd3 63. Kg6 Rg1+ 64. Kf7 Ke3 65. f6
Rf1 66. Ke7 Rf4 67. f7 Rxb4 68. f8=Q Re4+ 69. Be6 Rf4 70. Qh6 Kf3 71. Bd5+ Kg3
72. Qg5+ Rg4 73. Qe3+ Kh4 74. Be6 Rg7+ 75. Kd6 Kh5 76. Qf3+ Kh6 77. Ke5 Rg5+
78. Bf5 Kg7 79. Qb7+ Kh6 80. Qb8 Rg7 81. Qh8+ 1-0

[Event "Open Est 2015-2016"]
[Site "Aubagne"]
[Date "2015.12.12"]
[Round "5.21"]
[White "Ralijaona, Gabriela"]
[Black "Pentcheff, Laura"]
[Result "1-0"]
[WhiteElo "1375"]
[BlackElo "1210"]
[PlyCount "45"]
[EventDate "2015.10.10"]
[WhiteTeam "Marseille Passion Echecs"]
[BlackTeam "Cassis Echecs"]

1. e4 b6 2. d4 Bb7 3. Nc3 e6 4. Nf3 c5 5. d5 Be7 6. Bc4 Nh6 7. d6 Bf8 8. Ne5 g6
9. Ng4 Ng8 10. f3 Bg7 11. h4 Nc6 12. f4 Nb8 13. Rh2 Bxc3+ 14. bxc3 Bxe4 15. Qe2
Bb7 16. h5 gxh5 17. Qe5 f6 18. Qxh5+ Kf8 19. f5 Qe8 20. Bh6+ Nxh6 21. Qxh6+ Kf7
22. Qxf6+ Kg8 23. Nh6# 1-0

[Event "Open Est 2015-2016"]
[Site "Aubagne"]
[Date "2015.12.12"]
[Round "5.22"]
[White "Benvenuto, Richard"]
[Black "De Carvalho Massabo, Raphael"]
[Result "0-1"]
[WhiteElo "1254"]
[BlackElo "1340"]
[PlyCount "132"]
[EventDate "2015.10.10"]
[WhiteTeam "La Ciotat Echecs (LCE)"]
[BlackTeam "Marseille Passion Echecs"]

1. c4 e5 2. Nc3 Nf6 3. Nf3 Nc6 4. d3 d6 5. g3 Be6 6. Bg2 Be7 7. Ng5 Qd7 8. Nxe6
fxe6 9. O-O O-O 10. a3 d5 11. cxd5 exd5 12. Bg5 Ne8 13. Bxd5+ Kh8 14. Bxe7 Nxe7
15. Bg2 Rf6 16. Ne4 Rh6 17. Qb3 Nd6 18. Ng5 Qf5 19. Nf3 e4 20. dxe4 Qxe4 21.
Qe3 Qxe3 22. fxe3 Nef5 23. Kf2 Re8 24. e4 Nxe4+ 25. Kg1 Nfd6 26. Nd4 Rf6 27.
Rxf6 Nxf6 28. Re1 c5 29. Nb3 b6 30. Nd2 Nf5 31. e4 Nd7 32. Bh3 g6 33. Kf1 Ng7
34. Bxd7 Rd8 35. Nc4 Rxd7 36. e5 Kg8 37. Nd6 Nf5 38. Nxf5 gxf5 39. Re2 Kg7 40.
Kf2 Kg6 41. Kf3 h6 42. Kf4 Rd4+ 43. Kf3 Rd3+ 44. Kf2 Kf7 45. Re3 Rxe3 46. Kxe3
Ke6 47. Kf4 a5 48. h3 b5 49. g4 fxg4 50. hxg4 b4 51. a4 c4 52. Ke4 c3 53. bxc3
bxc3 54. Kd3 c2 55. Kxc2 Kxe5 56. Kc3 Kf4 57. Kc4 Kxg4 58. Kb5 h5 59. Kxa5 h4
60. Kb5 h3 61. a5 h2 62. a6 h1=Q 63. Kb6 Qb1+ 64. Kc7 Qa2 65. Kb7 Qb3+ 66. Kc7
Qc4+ 0-1

[Event "Open Est 2015-2016"]
[Site "Aubagne"]
[Date "2015.12.12"]
[Round "5.23"]
[White "Zajaczkowski, Danielle"]
[Black "Denis, Karine"]
[Result "1-0"]
[WhiteElo "1337"]
[BlackElo "1220"]
[PlyCount "138"]
[EventDate "2015.10.10"]
[WhiteTeam "ASPTT Marseille"]
[BlackTeam "Marseille Passion Echecs"]

1. d4 d5 2. Nf3 Bg4 3. Bf4 e6 4. e3 Nf6 5. Be2 c5 6. c3 Bd6 7. Bxd6 Qxd6 8. O-O
O-O 9. Ne5 Bxe2 10. Qxe2 Nbd7 11. Nxd7 Nxd7 12. Qd1 Rfe8 13. Nd2 e5 14. Nf3 e4
15. Nd2 Re6 16. Rb1 Rh6 17. g3 Re8 18. f4 f5 19. Rf2 Nf6 20. Nf1 Rg6 21. Rc1
Kf7 22. Rcc2 h5 23. Rg2 Rh8 24. Rce2 Rg4 25. h4 Rh6 26. Qe1 c4 27. a3 a5 28.
Qd1 b5 29. Qe1 a4 30. Nh2 Rgg6 31. Qf2 Ng4 32. Qe1 Nxh2 33. Kxh2 Rh8 34. Rg1
Rf6 35. Reg2 Rg6 36. Qe2 Rgh6 37. Qd2 Kf6 38. Qf2 Ke7 39. Qe1 g6 40. Qd1 Kd7
41. Kh3 Kc6 42. Re2 Rg8 43. Reg2 Rh7 44. Qe2 Qe6 45. Qe1 Rhg7 46. Kh2 Qe7 47.
Qf2 Rh8 48. Rd1 Qe8 49. Qe1 Qd7 50. Rdd2 Qe8 51. Rg1 Qd7 52. Rgg2 Qe8 53. Qf2
Qd7 54. Kh3 Qe6 55. Qe2 Qe7 56. Qd1 Qd8 57. b3 Qa8 58. bxc4 dxc4 59. Rb2 Qa5
60. Rb4 Ra8 61. Ra2 Rh8 62. Rg2 Rd7 63. Rgb2 Rb8 64. Rd2 Rbd8 65. Rc2 Ra8 66.
Rb1 Rb8 67. Ra2 Ra8 68. Rb4 Qa6 69. Qe1 Qa5 1-0

[Event "Open Est 2015-2016"]
[Site "Aubagne"]
[Date "2015.12.12"]
[Round "5.24"]
[White "Ulloa, Philippe"]
[Black "Salvi, Angele"]
[Result "1-0"]
[WhiteElo "1325"]
[BlackElo "1014"]
[PlyCount "89"]
[EventDate "2015.10.10"]
[WhiteTeam "Le Gambit Marseillais"]
[BlackTeam "Cercle d'Echecs Aubagnais"]

1. d4 f5 2. c4 g6 3. Nf3 Bg7 4. Nc3 h6 5. h3 Nf6 6. Bf4 O-O 7. e3 d6 8. b4 Bd7
9. Bd3 Qe8 10. O-O Nc6 11. Qb3 g5 12. Bh2 Nh7 13. Rac1 e5 14. Bb1 exd4 15. Nd5
Rc8 16. Rfe1 Qf7 17. Rcd1 Be6 18. exd4 Nf6 19. Ne3 Ne7 20. d5 Bd7 21. Re2 f4
22. Nc2 Nf5 23. Rde1 Rce8 24. Ncd4 Ne4 25. Ne6 Nc3 26. Rc2 Ba4 27. Qa3 Bxc2 28.
Bxc2 Nxd5 29. cxd5 Re7 30. Nxf8 Rxe1+ 31. Nxe1 Qxf8 32. Qc1 Ne7 33. Nf3 Nxd5
34. Bb3 c6 35. b5 Kh8 36. bxc6 Nc3 37. Qd2 bxc6 38. Nd4 Nb1 39. Qd3 Na3 40. Ne6
Qe7 41. Nxg7 Qe1+ 42. Qf1 Qc3 43. Ne6 Qd2 44. Qa1+ Kh7 45. Qg7# 1-0

[Event "Open Est 2015-2016"]
[Site "Aubagne"]
[Date "2015.12.12"]
[Round "5.25"]
[White "Richert, Sebastien"]
[Black "Borrini, Rodrigue"]
[Result "0-1"]
[WhiteElo "1442"]
[BlackElo "1109"]
[PlyCount "90"]
[EventDate "2015.10.10"]
[WhiteTeam "Cercle d'Echecs Aubagnais"]
[BlackTeam "L'Echiquier du Roy René"]

1. c4 e5 2. Nc3 Nc6 3. Nf3 d6 4. g3 g6 5. d3 Bg7 6. Bd2 Nf6 7. Bg2 Bg4 8. Ng5
h6 9. Nge4 Nd7 10. f3 Be6 11. a3 Nc5 12. b4 Nxe4 13. Nxe4 f5 14. Nc3 Qd7 15. b5
Ne7 16. Qb3 d5 17. f4 dxc4 18. dxc4 e4 19. O-O-O Qd4 20. e3 Qxc4 21. Qxc4 Bxc4
22. h3 O-O-O 23. g4 Nd5 24. Nxd5 Rxd5 25. a4 Rhd8 26. Bb4 Rxd1+ 27. Rxd1 Rxd1+
28. Kxd1 Bb3+ 29. Ke1 Bxa4 30. gxf5 gxf5 31. Bf1 c6 32. bxc6 Bxc6 33. h4 h5 34.
Bc4 Bf6 35. Be6+ Bd7 36. Bxd7+ Kxd7 37. Kf1 Bxh4 38. Kg2 Be7 39. Bc3 b6 40. Kh3
a5 41. Be1 a4 42. Bh4 Bxh4 43. Kxh4 a3 44. Kxh5 Ke6 45. Kg5 a2 0-1

[Event "Open Est 2015-2016"]
[Site "Aubagne"]
[Date "2015.12.12"]
[Round "5.26"]
[White "Benner, Jean-Marc"]
[Black "Masson, Wally"]
[Result "0-1"]
[WhiteElo "1430"]
[BlackElo "1194"]
[PlyCount "36"]
[EventDate "2015.10.10"]
[WhiteTeam "Echiquier Dracénois"]
[BlackTeam "Cercle d'Echecs Aubagnais"]

1. d4 f5 2. c4 e6 3. Nc3 Nf6 4. Bg5 Bb4 5. f3 O-O 6. a3 Bxc3+ 7. bxc3 b6 8. e4
fxe4 9. fxe4 d6 10. Nf3 h6 11. Bh4 Bb7 12. e5 dxe5 13. Nxe5 Qe8 14. Qc2 Be4 15.
Bd3 Bxd3 16. Nxd3 Qh5 17. Bf2 Ng4 18. O-O Qxh2# 0-1

[Event "Open Est 2015-2016"]
[Site "Aubagne"]
[Date "2015.12.12"]
[Round "5.27"]
[White "Herbulot, Thomas"]
[Black "Berteaud, Esteban"]
[Result "1-0"]
[WhiteElo "1120"]
[BlackElo "1340"]
[PlyCount "139"]
[EventDate "2015.10.10"]
[WhiteTeam "Club Provence Echecs"]
[BlackTeam "L'Echiquier du Roy René"]

1. d4 d5 2. Nf3 Nf6 3. Bf4 Bg4 4. Nbd2 Nc6 5. e3 e6 6. c3 Bd6 7. Bd3 Bxf4 8.
exf4 O-O 9. O-O Nh5 10. g3 Bh3 11. Re1 Re8 12. Ne5 Nxe5 13. fxe5 Qg5 14. Nf3
Qe7 15. Qd2 f6 16. exf6 Qxf6 17. Ng5 Rf8 18. Nxh3 Rf7 19. Ng5 Re7 20. Re2 g6
21. Rae1 Rae8 22. Qe3 b6 23. Bb5 Rd8 24. Qd2 Rd6 25. b3 c6 26. Ba6 b5 27. Bc8
Ng7 28. Qe3 h5 29. Nxe6 Nxe6 30. Bxe6+ Rdxe6 31. Qxe6+ Rxe6 32. Rxe6 Qg5 33.
Re8+ Kf7 34. R1e7+ Qxe7 35. Rxe7+ Kxe7 36. Kf1 Kf6 37. Ke2 Kf5 38. Kf3 g5 39.
h3 a5 40. a3 a4 41. b4 Kf6 42. Ke3 Kf5 43. g4+ hxg4 44. hxg4+ Ke6 45. f4 gxf4+
46. Kxf4 Kf6 47. g5+ Kg6 48. Ke5 Kxg5 49. Kd6 Kf5 50. Kxc6 Ke6 51. Kxb5 Kd6 52.
Kb6 Kd7 53. Kb7 Kd6 54. b5 Kd7 55. b6 Kd8 56. Ka7 Ke7 57. b7 Kf6 58. b8=Q Kg5
59. Qe5+ Kg4 60. Qf6 Kh5 61. Qg7 Kh4 62. Qg6 Kh3 63. Qg5 Kh2 64. Qg4 Kh1 65.
Kb6 Kh2 66. Kc6 Kh1 67. Kxd5 Kh2 68. Ke4 Kh1 69. Kf3 Kh2 70. Qg2# 1-0

[Event "Open Est 2015-2016"]
[Site "Aubagne"]
[Date "2015.12.12"]
[Round "5.28"]
[White "Brongers, Claudine"]
[Black "Yahia Amar, Mathieu"]
[Result "0-1"]
[WhiteElo "1282"]
[BlackElo "1150"]
[PlyCount "90"]
[EventDate "2015.10.10"]
[WhiteTeam "Sanary Echecs"]
[BlackTeam "L'Echiquier du Roy René"]

1. e4 e5 2. Nf3 Nc6 3. d4 exd4 4. Nxd4 Nf6 5. Nxc6 bxc6 6. e5 Ne4 7. Qe2 Nc5 8.
Nc3 Ba6 9. Qf3 Bxf1 10. Rxf1 g6 11. Be3 Qe7 12. Qf4 Bg7 13. Bd4 Qf8 14. Qe3 Bh6
15. f4 Ne6 16. g3 c5 17. Nb5 cxd4 18. Nxd4 Qb4+ 19. Qc3 Nxd4 20. Kd1 Qb5 21.
Re1 Qb6 22. Rb1 O-O 23. Re4 Nb5 24. Qe3 Qc6 25. a4 Qd5+ 26. Kc1 Nd6 27. exd6
Qxd6 28. c3 Qc6 29. Kc2 d5 30. Rd4 Rfe8 31. Qf3 Rad8 32. Rbd1 Bg7 33. Rc4 Qxc4
34. b3 Re2+ 35. Rd2 Rxd2+ 36. Kxd2 Qxb3 37. Qd3 d4 38. c4 Rb8 39. Qxb3 Rxb3 40.
h4 Rb4 41. Kd3 Rxa4 42. g4 Ra3+ 43. Kd2 Rc3 44. h5 gxh5 45. gxh5 a5 0-1

[Event "Open Est 2015-2016"]
[Site "Aubagne"]
[Date "2015.12.12"]
[Round "5.29"]
[White "Pegon, Claude"]
[Black "Belaid, Noa"]
[Result "1-0"]
[WhiteElo "1290"]
[BlackElo "1090"]
[PlyCount "101"]
[EventDate "2015.10.10"]
[WhiteTeam "La Ciotat Echecs (LCE)"]
[BlackTeam "Club Provence Echecs"]

1. f4 d5 2. Nf3 Nc6 3. e3 Nf6 4. d3 Bf5 5. a3 e6 6. h3 Bd6 7. Bd2 O-O 8. b4 a6
9. Be2 h6 10. Bc3 Re8 11. Nbd2 a5 12. g4 axb4 13. Bxf6 Qxf6 14. gxf5 exf5 15.
a4 b5 16. d4 bxa4 17. Bb5 Na5 18. Bxe8 Rxe8 19. Rxa4 Rxe3+ 20. Kf2 Ra3 21. Rxa3
bxa3 22. Ne5 Bxe5 23. fxe5 Qh4+ 24. Ke3 Qg3+ 25. Qf3 f4+ 26. Ke2 Qg6 27. c3
Qa6+ 28. Qd3 Nc4 29. Nxc4 dxc4 30. Qe4 g5 31. Rb1 a2 32. Ra1 Qa3 33. Qc2 Qa8
34. Rxa2 Qg2+ 35. Kd1 Qf1+ 36. Kd2 Qxh3 37. Kc1 Qe3+ 38. Kb2 f3 39. e6 f2 40.
exf7+ Kf8 41. Ra8+ Kxf7 42. Qf5+ Ke7 43. Qf8+ Kd7 44. Qd8+ Ke6 45. Qe8+ Kf5 46.
Qxe3 f1=Q 47. Rf8+ Kg4 48. Rxf1 Kh5 49. Rg1 Kg6 50. Qe6+ Kg7 51. Rf1 1-0